Programa de psicología : (Registro nro. 43783)
[ vista simple ]
| 000 -CABECERA | |
|---|---|
| campo de control de longitud fija | 00924nam a2200229 a 4500 |
| 001 - NÚMERO DE CONTROL | |
| campo de control | 000044294 |
| 005 - FECHA Y HORA DE LA ÚLTIMA TRANSACCIÓN | |
| campo de control | 20201002045255.0 |
| 008 - DATOS DE LONGITUD FIJA--INFORMACIÓN GENERAL | |
| campo de control de longitud fija | 140613s2001 dr a 000 0 spa d |
| 040 ## - FUENTE DE LA CATALOGACIÓN | |
| Centro catalogador/agencia de origen | DO-SdBNP |
| Lengua de catalogación | spa |
| Centro/agencia transcriptor | BNPHU |
| 082 ## - NÚMERO DE LA CLASIFICACIÓN DECIMAL DEWEY | |
| Número de clasificación | 155.42 |
| -- | R712p |
| 100 1# - ENTRADA PRINCIPAL--NOMBRE DE PERSONA | |
| Nombre de persona | Rosario, Lucila de |
| 9 (RLIN) | 72295 |
| 245 10 - MENCIÓN DE TÍTULO | |
| Título | Programa de psicología : |
| Resto del título | para niños y niñas de 7 a 12 años de edad / |
| Mención de responsabilidad, etc. | Lucila de Rosario. |
| 250 ## - MENCIÓN DE EDICIÓN | |
| Mención de edición | 2a ed. |
| 260 ## - PUBLICACIÓN, DISTRIBUCIÓN, ETC. | |
| Lugar de publicación, distribución, etc. | Santo Domingo : |
| Nombre del editor, distribuidor, etc. | Instituto Dominicano de Seguro Social, |
| Fecha de publicación, distribución, etc. | 2001. |
| 300 ## - DESCRIPCIÓN FÍSICA | |
| Extensión | v. : |
| Otras características físicas | il. retrs. ; |
| Dimensiones | 27 cm. |
| 500 ## - NOTA GENERAL | |
| Nota general | A la cabeza del título Crecimiento socio alegre |
| 505 1# - NOTA DE CONTENIDO CON FORMATO | |
| Nota de contenido con formato | v.3 : |
| Título | Formando super bebe |
| -- | Desarrollo de la personalidad y técnicasde juegos |
| 650 #4 - PUNTO DE ACCESO ADICIONAL DE MATERIA--TÉRMINO DE MATERIA | |
| Término de materia o nombre geográfico como elemento de entrada | Psicología infantil |
| Subdivisión general | Enseñanza |
| Subdivisión de forma | PROGRAMA |
| 9 (RLIN) | 72296 |
| 650 #4 - PUNTO DE ACCESO ADICIONAL DE MATERIA--TÉRMINO DE MATERIA | |
| Término de materia o nombre geográfico como elemento de entrada | Estimulación temprana |
| Subdivisión general | Enseñanza |
| Subdivisión de forma | PROGRAMA |
| 9 (RLIN) | 72297 |
| 650 #4 - PUNTO DE ACCESO ADICIONAL DE MATERIA--TÉRMINO DE MATERIA | |
| Término de materia o nombre geográfico como elemento de entrada | Desarrollo infantil |
| Subdivisión de forma | PROGRAMA |
| 9 (RLIN) | 72298 |
| 650 #4 - PUNTO DE ACCESO ADICIONAL DE MATERIA--TÉRMINO DE MATERIA | |
| Término de materia o nombre geográfico como elemento de entrada | Educación de niños |
| Subdivisión de forma | PROGRAMA |
| 9 (RLIN) | 72299 |
| Estado de retiro | Estado de pérdida | No para préstamo | Código de colección | Localización permanente | Ubicación/localización actual | Ubicación en estantería | Fecha de adquisición | Número de inventario | Total de préstamos | Signatura topográfica completa | Código de barras | Fecha visto por última vez | Precio válido a partir de | Tipo de ítem Koha | Restricciones de uso |
|---|---|---|---|---|---|---|---|---|---|---|---|---|---|---|---|
| Excluido de préstamo | Patrimonio Dominicano | Patrimonio Dominicano | Patrimonio Dominicano | Depósito | 13.06.2014 | LF1 | v. 1 | 44294-10 | 25.06.2020 | 25.06.2020 | Libro y Folleto Colección Patrimonio Dominicano | ||||
| Excluido de préstamo | Patrimonio Dominicano | Patrimonio Dominicano | Patrimonio Dominicano | Depósito | 13.06.2014 | LF1 | v. 2 e. 2 | 44294-20 | 25.06.2020 | 25.06.2020 | Libro y Folleto Colección Patrimonio Dominicano | ||||
| Patrimonio Dominicano | Patrimonio Dominicano | Patrimonio Dominicano | Depósito | 13.06.2014 | LF1 | v. 2 | 44294-30 | 25.06.2020 | 25.06.2020 | Libro y Folleto Colección Patrimonio Dominicano |
